000 00690nam a2200289Ia 4500
005 20260324133024.0
008 008 260324s9999 xx 000 0 eng d
020 _a9780203329276
037 _aEBOOK
040 _aCRL
040 _beng
040 _cCRL
041 _2eng
041 _aeng
084 _qCRL
100 _aEdward Beasley
_91174912
245 0 _aMid-Victorian Imperialists
245 0 _bBritish Gentlemen and the Empire of the Mind
260 _bTaylor and Francis
260 _c2004
365 _a
365 _b230
856 _uhttp://www.taylorfrancis.com/books/9780203329276
942 _cEBOOK
999 _c1790156
_d1790156